|
|
|
|
| LEADER |
00000cam a2200000 7i4500 |
| 001 |
0000012496 |
| 005 |
20080414.0 |
| 008 |
071219 |
| 020 |
|
|
|a 9839308068
|
| 090 |
0 |
0 |
|a 279.216
|b ALI
|
| 100 |
0 |
|
|a Alimin, Dr
|
| 245 |
1 |
0 |
|a Penyakit gangguan syaitan dan cara mengatasinya
|c Dr. Alimin
|
| 260 |
|
|
|a Selangor :
|b Penerbit Edaran Kalam ,
|c 1997
|
| 650 |
|
0 |
|a Devil
|x Islam spirits (Islam)
|
| 650 |
|
0 |
|a Islam
|x Customs and practices
|
| 650 |
|
0 |
|a Malay fiction
|
| 650 |
|
0 |
|a Sufism
|
| 999 |
|
|
|a 0001006325
|b Book
|c Adult Collection
|e Perbadanan Perpustakaan Awam Johor
|
| 999 |
|
|
|a 0001006326
|b Book
|c Adult Collection
|e Cawangan Bukit Gambir
|
| 999 |
|
|
|a 0001007862
|b Book
|c Adult Collection
|e Cawangan Bandar Penawar
|
| 999 |
|
|
|a 0001007863
|b Book
|c Adult Collection
|e Perbadanan Perpustakaan Awam Johor
|
| 999 |
|
|
|a 0001007864
|b Book
|c Adult Collection
|e Perbadanan Perpustakaan Awam Johor
|